MARC

LEADER 00000nam0a2200000 4500
001 247724
005 20231101232325.0
010 |a 5628001007 
020 |a RU  |b 88-58154 
035 |a (RuTPU)RU\TPU\book\269310 
090 |a 247724 
100 |a 20140114d1988 k y0rusy5003 ca 
101 0 |a rus 
102 |a KZ 
105 |a a z 001zy 
200 1 |a Использование скальных пород в технологии твердеющей закладки  |f Г. А. Прокушев  |g Академия наук Казахской ССР, Институт горного дела 
210 |a Алма-Ата  |c Наука КазССР  |d 1988 
215 |a 190,[1] с.  |c ил.  |d 21 см 
320 |a Библиогр.: с. 183-188 (76 назв.). 
606 1 |a Закладочные материалы  |x Горное дело  |2 stltpush  |3 (RuTPU)RU\TPU\subj\11274  |9 38234 
610 1 |a горные выработки 
610 1 |a закладка 
610 1 |a использование 
610 1 |a горное производство 
610 1 |a закладочные работы 
610 1 |a сырьевая база 
610 1 |a физико-механические свойства 
610 1 |a закладочные смеси 
610 1 |a выемка 
610 1 |a эффективность 
675 |a 622.273.2  |z rus  |v 3 
700 1 |a Прокушев  |b Г. А.  |4 070 
712 0 2 |a Академия наук Казахской ССР  |b Институт горного дела  |2 stltpush  |3 (RuTPU)RU\TPU\col\19178 
801 0 |a RU  |b RuMRKP  |c 19950417  |g psbo 
801 1 |a RU  |b 63413507  |c 20140114 
801 2 |a RU  |b 63413507  |c 20140422  |g RCR 
942 |c BK